Технологическое проектирование цехов машиностроительных заводов. Теоретические вопросы проектирования цехов: учебное пособие

Λεπτομέρειες βιβλιογραφικής εγγραφής
Κύριος συγγραφέας: Панков Г. В.
Συγγραφή απο Οργανισμό/Αρχή: Уфимский авиационный институт им. Орджоникидзе
Γλώσσα:Ρωσικά
Έκδοση: Уфа, Изд-во УАИ, 1981
Θέματα:
Μορφή: MixedMaterials Βιβλίο
KOHA link:https://koha.lib.tpu.ru/cgi-bin/koha/opac-detail.pl?biblionumber=301778

MARC

LEADER 00000nam0a2200000 4500
001 301778
005 20231102001432.0
035 |a (RuTPU)RU\TPU\book\326955 
090 |a 301778 
100 |a 20150813d1981 m y0rusy5003 ca 
101 0 |a rus 
102 |a RU 
105 |a a j 001zy 
200 1 |a Технологическое проектирование цехов машиностроительных заводов. Теоретические вопросы проектирования цехов  |e учебное пособие  |f Г. В. Панков  |g Уфимский авиационный институт им. Орджоникидзе 
210 |a Уфа  |c Изд-во УАИ  |d 1981 
215 |a 84 с.  |c ил. 
320 |a Библиогр.: с. 82-83 
606 1 |a Промышленные здания  |x Проектирование  |2 stltpush  |3 (RuTPU)RU\TPU\subj\52494  |9 70906 
610 1 |a машиностроительные заводы 
610 1 |a цеха 
610 1 |a учебные пособия 
610 1 |a теоретические основы 
610 1 |a системный подход 
610 1 |a генеральный план 
675 |a 725.4.011(075.8)  |z rus  |v 4 
700 1 |a Панков  |b Г. В.  |4 070 
712 0 2 |a Уфимский авиационный институт им. Орджоникидзе  |2 stltpush  |3 (RuTPU)RU\TPU\col\4501  |9 23991 
801 0 |a RU  |b RuMRKP  |c 19950704  |g psbo 
801 1 |a RU  |b 63413507  |c 20150813 
801 2 |a RU  |b 63413507  |c 20170808  |g RCR 
942 |c BK